Estadísticas para Países más Poblados en 1950

Haz click aquí para tomar la prueba!

Estadísticas generales

  • Esta prueba ha sido tomada 727 veces
  • La puntuación promedio es 16 de 20

Estadísticas de respuestas

Población País % Correcto
563 mChina
99%
152 mEstados Unidos
98%
133 mImperio Francés
97%
370 mIndia
97%
52 mAlemania Occidental
96%
28 mEspaña
95%
140 mImperio Británico
94%
53 mBrasil
93%
29 mMéxico
93%
84 mJapón
92%
48 mItalia
91%
83 mIndonesia
83%
189 mUnión Soviética
80%
21 mTurquía
74%
21 mEgipto
73%
86 mPakistán
72%
25 mPolonia
66%
21 mFilipinas
59%
21 mCorea del Sur
56%
25 mImperio Belga
31%

Distribución de puntuación

Porcentaje por número respondido

Porcentaje de gente con cada puntuación

Historial de tus puntuaciones

No has tomado esta prueba